000 00302nam a2200109Ia 4500
008 201217s9999 xx 000 0 und d
100 _aMumford, Lewis
245 0 _a(The) Brown decades : A study of the arts in America 1865 - 1895
260 _aNew York
_bDover Publications
300 _a128
942 _cBK
999 _c7379
_d7379